000 004230000a22001810004500
003 MACL
005 20151016155144.0
008 151016b xxu||||| |||| 00| 0 eng d
040 _aMACL
_cMACL
041 _aEnglish
082 _a823
100 _aUroob
_915379
245 _aThe Beautiful And The HandSome
260 _bKerala Sahitya Academy
_c1982
350 _a35
650 _aFiction
_915380
942 _cBK
_k823
_2ddc
999 _c5985
_d5985